000 00245nam a2200097Ia 4500
008 240331s9999 xx 000 0 und d
082 _a300.1
_bSEI
100 _aSeidler, V. J
245 0 _aRecovering the self :
_bmorality and social theory
942 _cL
999 _c987
_d987